[Event "Cutro 05th"]
[Site "Cutro"]
[Date "1999.04.28"]
[Round "7"]
[White "Djuric, Stefan"]
[Black "Efimov, Igor"]
[Result "1-0"]
[WhiteElo "2517"]
[BlackElo "2494"]
[Annotator "Huebner,R"]
[PlyCount "79"]
[EventDate "1999.04.??"]
[EventType "tourn"]
[EventRounds "11"]
[EventCountry "ITA"]
[EventCategory "10"]
[SourceTitle "CBM 071"]
[Source "ChessBase"]
[SourceDate "1999.08.01"]
[SourceVersion "1"]
[SourceVersionDate "1999.08.01"]
[SourceQuality "1"]

1. d4 d5 2. Nf3 c6 3. e3 Bf5 4. c4 e6 5. Nc3 Nd7 6. Bd3 Bxd3 7. Qxd3 Ngf6 8.
O-O Bb4 9. Bd2 O-O $2 {Diese Art, einen Bauern zu verlieren, ist bekannt und
beliebt.} 10. Nxd5 exd5 ({Nicht besser ist} 10... Nxd5 11. cxd5 Bxd2 12. dxe6
Bxe3 13. exf7+ Rxf7 14. fxe3) 11. Bxb4 Re8 12. cxd5 cxd5 13. Rac1 Qb6 14. Qa3
Ne4 15. Qa4 Ndf6 16. Ne5 a5 17. Bc3 Qa6 18. f3 Nd6 19. Bd2 Re7 20. Rc5 b5 21.
Qc2 Qb6 22. Rc6 Qd8 23. b3 Re6 24. Rc1 g6 25. Qc5 Kg7 26. Be1 h6 27. g4 b4 28.
Rc7 Qe8 29. Bg3 g5 30. Kf2 a4 31. Qxb4 axb3 32. Qxb3 Rb8 33. Qc2 Ng8 34. Nd7
Rxe3 35. Be5+ Rxe5 36. Nxe5 Ne7 37. Re1 Nb5 38. Nc6 Nxc7 39. Rxe7 Qc8 40. Nxb8
1-0

[Event "USA-ch GpA"]
[Site "San Diego"]
[Date "2006.03.03"]
[Round "2"]
[White "Bercys, Salvijus"]
[Black "Lenderman, Aleksandr"]
[Result "1-0"]
[WhiteElo "2358"]
[BlackElo "2431"]
[Annotator "Huebner,R"]
[PlyCount "85"]
[EventDate "2006.03.02"]
[EventType "swiss"]
[EventRounds "9"]
[EventCountry "USA"]
[SourceTitle "CBM 112"]
[Source "ChessBase"]
[SourceDate "2006.06.07"]
[SourceVersion "1"]
[SourceVersionDate "2006.06.07"]
[SourceQuality "1"]

1. d4 d5 2. c4 c6 3. Nf3 Nf6 4. e3 Bf5 5. Nc3 e6 6. Nh4 Bg4 7. Qb3 Qb6 8. h3
Bh5 9. g4 Bg6 10. Nxg6 hxg6 11. Bg2 Nbd7 12. g5 Ng8 {Mieist wird hier 12...Sh5
gespielt. Es folgen zwei Beispiele:} (12... Nh5 13. cxd5 (13. e4 dxe4 14. Be3
Qb4 15. Bxe4 Nb6 16. Bd3 O-O-O 17. O-O-O Rd7 18. Rhg1 Be7 19. Kc2 Qa5 20. Ne4
Rhd8 21. Bd2 Qa4 22. Qxa4 Nxa4 23. b3 Nb6 24. Be3 Na8 25. Be2 Nc7 26. h4 Ne8
27. Bg4 Nd6 28. Nxd6+ Rxd6 29. Rd3 R6d7 30. Rgd1 Kc7 31. Bc1 b6 32. a3 a5 33.
Kc3 f5 34. Bxh5 gxh5 35. Bf4+ Bd6 36. Bxd6+ Rxd6 37. f4 g6 38. b4 axb4+ 39.
axb4 Ra8 40. Kb3 b5 41. c5 {1/2-1/2 Stocek,J-Jirovsky,M/Luhacovice 2003/CBM
094 (41).}) 13... Qxb3 14. axb3 exd5 15. Bd2 Be7 16. h4 f6 17. Rg1 f5 18. Ne2
Nf8 19. f4 Ne6 20. Kf2 Kd7 21. Nc1 Bd6 22. Nd3 a6 23. Rh1 Rhe8 24. Bf3 Rh8 25.
Bb4 Bc7 26. Bc3 Bd6 27. b4 Nc7 28. Nc5+ Ke8 29. Be2 Be7 30. Rhe1 Bd6 31. Bd2
Bxc5 32. dxc5 Kd7 33. Bc3 Ne6 34. Be5 Ke7 35. Ra3 Kd7 36. Rea1 Rae8 37. Bxa6
bxa6 38. Rxa6 Nd8 39. Ra7+ Ke6 40. b5 Nf7 41. Bd4 Nxf4 42. exf4 Rxh4 43. Re1+ {
1-0 Graf,A-Christensen,N/Bad Wiessee 2000/EXT 2003 (43).}) 13. e4 Qxb3 (13...
dxe4 14. Nxe4 e5 15. dxe5 Nxe5 16. Be3 Qb4+ 17. Ke2 Qxc4+ 18. Qxc4 Nxc4 19. Bd4
O-O-O 20. Bxa7 f5 21. gxf6 Nxf6 22. Nxf6 gxf6 23. Rhd1 Bd6 24. b3 Rhe8+ 25. Kf1
Na3 26. Bb6 Bc7 27. Bc5 Nb5 28. Rxd8+ Bxd8 29. a4 Nc7 30. Rd1 Ne6 31. Be3 Bc7
32. Bf3 Rd8 33. Rxd8+ Kxd8 34. h4 Be5 35. h5 gxh5 36. Bxh5 Nd4 37. Bd1 Ne6 38.
Bg4 Nf4 39. Bb6+ Bc7 40. Bd4 Be5 41. Bb6+ Bc7 42. Bc5 Nd3 43. Be3 Bd6 44. Bf5
Nb4 45. Bb6+ Bc7 46. Bc5 Nd5 47. Ke2 Be5 48. Kd3 Kc7 49. f3 Bd6 50. Bf2 Nb4+
51. Ke4 Na6 52. Be6 Nc5+ 53. Kf5 Nd3 54. Bh4 Ne5 55. Ke4 Be7 56. Bg3 Bd6 57. f4
Nd7 58. Bxd7 Kxd7 59. Kf5 Ke7 60. Kg6 Bc7 61. Kf5 b5 62. axb5 cxb5 63. Be1 Kf7
64. Bd2 Bb6 65. Ke4 Ke6 66. f5+ Kd6 67. Bb4+ Bc5 68. Bc3 Ke7 69. Kd5 {1-0
Ziegler,A-Loenngren,T/Gothenburg 2001/EXT 2002 (69).}) 14. axb3 dxc4 $6 {
Schwarz strebt Beherrschung der schwarzen Felder im Zentrum an, aber dies ist
nicht so wirksam, und seine weißen Felder werden sehr anfällig, zumal ihm der
dazugehörige Läufer fehlt.} (14... dxe4 15. Nxe4 Rh4 {verspricht
Ausgleichsaussichten.}) 15. bxc4 e5 16. d5 Bc5 17. Bd2 Bd4 18. Ra3 Ne7 19. O-O
Nc8 20. Ne2 Bb6 21. dxc6 bxc6 22. b4 c5 23. b5 {Jetzt zeigt sich, daß die
Spielanlage des Schwarzen ungünstig war. Sein Läufer ist eine traurige Figur;
Weiß dürfte schon auf Gewinn stehen.} Nd6 24. Rc1 O-O-O 25. Rd3 (25. Ra4 {
mit der Absicht Se2-c3-d5 sieht plausibler aus.}) 25... Bc7 $6 (25... Nf8 {
mit der Absicht Sf8-e6-d4 mußte unbedingt versucht werden!}) 26. Be3 Rhe8 27.
Rd5 Nb7 28. Nc3 Ba5 29. Na4 Bb4 30. f4 Na5 31. fxe5 Rxe5 32. Bf4 Re6 33. h4 Nb3
34. Rb1 Na5 35. Rc1 Nb3 36. Rb1 Na5 37. Rbd1 $18 Nxc4 38. Bh3 Ba5 39. Kg2 {
Dies ist ein ruhiger Positionszug, der nichts verdirbt.} (39. Rc1 {ist auch
recht wirksam.}) 39... Bc7 40. Rxd7 Rxd7 41. Rxd7 Kxd7 42. Nxc5+ Kd8 43. Bxe6
1-0

[Event "Olympiad-36"]
[Site "Mallorca"]
[Date "2004.10.29"]
[Round "14"]
[White "Vaganian, Rafael A"]
[Black "Gagunashvili, Merab"]
[Result "1-0"]
[WhiteElo "2640"]
[BlackElo "2567"]
[Annotator "Huebner,R"]
[PlyCount "81"]
[EventDate "2004.10.15"]
[EventType "team-swiss"]
[EventRounds "14"]
[EventCountry "ESP"]
[SourceTitle "CBM 104"]
[Source "ChessBase"]
[SourceDate "2005.01.27"]
[SourceVersion "1"]
[SourceVersionDate "2005.01.27"]
[SourceQuality "1"]
[WhiteTeam "Armenia"]
[BlackTeam "Georgia"]
[WhiteTeamCountry "ARM"]
[BlackTeamCountry "GEO"]

1. Nf3 d5 2. d4 Nf6 3. c4 c6 4. e3 Bf5 5. Nc3 e6 6. Nh4 Bg4 7. Qb3 Qc7 8. h3
Bh5 9. g4 Bg6 10. Nxg6 hxg6 11. g5 Nfd7 12. e4 dxe4 13. Nxe4 e5 14. Be3 Na6 15.
Bg2 exd4 16. Bxd4 Nac5 17. Qe3 O-O-O 18. O-O-O {Dies ist ein neuer Zug.
Nennenswerten Vorteil erreicht Weiß nicht; die Fortsetzung ist aber besser als
das früher gespielte 18.h4, man sehe:} (18. h4 Nxe4 19. Qxe4 (19. Bxe4 Bb4+ 20.
Kf1 Rhe8 21. Bxg7 Nc5 22. Qh3+ Kb8 23. Bg2 Nd3 $40) 19... f5 20. gxf6 (20. Qe6
Bb4+ 21. Kf1 Rhe8 22. Qxg6 Qf4 23. Qxg7 Re7 $19) 20... Bb4+ 21. Kf1 Nxf6 22.
Qe5 (22. Bxf6 gxf6 23. Qxg6 Qe5 24. Qg4+ f5 25. Qf3 Rd2 $36) 22... Bd6 23. Qe6+
Kb8 24. c5 Bf4 25. Bxf6 gxf6 26. b4 (26. Qxf6 Be3 27. Qxg6 Bxf2 $1 28. Kxf2
Qf4+ 29. Kg1 Qe3+ 30. Kh2 Rxh4+) 26... Rhe8 $19 {0-1 Graf,A-Dreev,A/Alushta
1994/CBM 42/[Ftacnik] (42). (41)}) 18... Re8 ({Am einfachsten ist} 18... Qa5
19. Kb1 Nxe4 20. Bxe4 Bc5 $11) 19. Rhe1 Nxe4 20. Bxe4 Bb4 (20... Rh4 21. f3 (
21. Qf3 Be7 {kann unbequem für Weiß werden.}) 21... Rxh3 22. Kb1 b6 {ist
befriedigend für Schwarz.}) 21. Re2 f5 $2 (21... Qa5 22. a3 Bc5 {ist immer
noch in Ordnung. Jetzt erhält Weiß Vorteil.}) 22. gxf6 gxf6 23. Qf3 {Plötzlich
sind die Königsfügelbauern des Schwarzen anfällig. Auch ist es lästig, daß der
Springer auf d7 genügenden Schutzes entbehrt.} Rhg8 24. Bxg6 Rxe2 25. Qxe2 c5
26. Qe6 Rxg6 27. Qe8+ Qd8 28. Qxg6 cxd4 29. Rxd4 {Die Stellung dürfte
hoffnungslos für Schwarz sein.} Qe7 30. Qf5 Kc7 31. h4 Ne5 32. h5 Qc5 33. Qe4
b5 34. h6 Nxc4 35. Qd5 Ne5+ 36. Qxc5+ Bxc5 37. h7 Nf7 38. Rg4 Kc6 39. Rg7 Nh8
40. Rg8 Nf7 41. f3 1-0

[Event "EU-Cup 13th Group2"]
[Site "Eupen"]
[Date "1997.09.24"]
[Round "3"]
[White "Zilberman, Yaacov"]
[Black "Sokolov, Ivan"]
[Result "1/2-1/2"]
[WhiteElo "2560"]
[BlackElo "2635"]
[Annotator "Huebner,R"]
[PlyCount "120"]
[EventDate "1997.09.22"]
[EventType "team-k.o."]
[EventRounds "3"]
[EventCountry "BEL"]
[SourceTitle "EXT 2020"]
[Source "ChessBase"]
[SourceDate "2019.10.17"]
[SourceVersion "1"]
[SourceVersionDate "2019.10.17"]
[SourceQuality "1"]
[WhiteTeam "Herzliya Chess Club"]
[BlackTeam "Sarajevo Bosna"]
[WhiteTeamCountry "ISR"]
[BlackTeamCountry "BIH"]

1. d4 {Hecht} d5 2. Nf3 Nf6 3. c4 c6 4. e3 Bf5 5. Bd3 Bxd3 6. Qxd3 e6 7. Nc3
Bb4 8. O-O O-O 9. Rd1 Nbd7 10. Bd2 a5 11. Rab1 (11. b3 Qe7 12. Ne1 e5 13. cxd5
e4 14. Qe2 Bxc3 15. d6 Qxd6 16. Bxc3 Nd5 17. Bb2 f5 18. Nc2 b5 19. f3 N7f6 20.
a4 exf3 21. gxf3 b4 22. Re1 Rae8 23. Qa6 Qc7 24. Qd3 Nh5 25. Re2 Re6 {Pajkovic,
V-Marcetic,N/JUG-chT 1997/EXP 59/0-1 (40)}) 11... Qb6 12. Be1 Qa6 13. b3 Rfd8
14. Rbc1 Nb6 15. Ne2 Ba3 16. Rc2 Be7 17. Rcc1 Ne4 18. Ne5 Nd7 19. Nxd7 Rxd7 20.
a4 Ba3 21. Rc2 Bb4 22. f3 Bxe1 23. fxe4 Bh4 24. e5 Rad8 25. Nf4 dxc4 26. bxc4
Bg5 27. Rf2 c5 28. Qc3 cxd4 29. exd4 Qc6 30. Nh5 Qe4 31. Ng3 Qc6 (31... Qg4 32.
Ne2 f6 {kam in Betracht.}) 32. Nh5 Qc5 $6 (32... Qxa4 33. Ra1 Qb4 34. Qg3 h6
35. h4 {ist nicht besser.}) ({Prophylaktisches} 32... Bh6 {verdient jedoch
Erw�gung:} 33. Rdf1 Rxd4 34. Rxf7 Rd1 {f�hrt zu einer h�chst unbequemen
Stellung f�r Wei�.}) 33. h4 {Jetzt gewinnt Wei� eine Figur.} ({Auf} 33.
dxc5 {folgt} Rxd1+ 34. Rf1 R8d3 35. Qxd3 Rxd3 36. Rb1 Rd7 37. Rb5 Bd8 {mit
Vorteil f�r Schwarz.}) 33... Rxd4 34. Rxd4 Rxd4 35. Qf3 Rd7 36. hxg5 Qxe5 37.
Qf4 (37. Qg3 $5) 37... Rd1+ 38. Kh2 Qxf4+ 39. Rxf4 Kf8 40. Ng3 Ke7 41. Rh4 Ra1
42. Rxh7 ({Genauer war wohl} 42. c5 Rc1 43. Rxh7 Rxc5 44. Rxg7 Kf8 45. Rh7 Rxg5
46. Ne4 $16) 42... Rxa4 43. Rxg7 Kf8 44. Rh7 Rxc4 45. g6 fxg6 46. Rxb7 a4 47.
Ra7 Ke8 48. Ne2 Kd8 49. Kg3 Kc8 50. Nf4 Kb8 51. Ra5 Kb7 52. Nxe6 Kb6 53. Ra8
Kb5 54. Nf4 Kb4 55. Nd3+ $2 (55. Nxg6 {m��te zum Gewinn ausreichen.}) 55...
Kb3 56. Rxa4 {Dies f�hrt zum Remis, doch ist nicht klar, ob Wei� jetzt
noch gewinnen kann.} Kxa4 57. Nb2+ Kb5 58. Nxc4 Kxc4 {[%eval -32767,0] Hecht:
Nach dem zu erwartenden Kf4 mu� Schwarz seine Verteidigung so einrichten,
da� er sowohl seinen Bg6 verteidigen als auch den wei�en Bauern angreifen
kann. Doppelstrategie!} 59. Kf4 {Nach Kg4 geht j e d e r Ann�herungszug des
schwarzen K�nigs!} Kd5 (59... Kd4 $2 {Hecht} 60. g4 $18) (59... Kd3 $2 {Hecht
} 60. g4 Ke2 61. g5 $1 $18 (61. Ke5 $2 Kf3 62. g5 $4 Kg4 63. Kf6 Kh5 $19)) 60.
Kg5 (60. g4 {Hecht} Ke6 61. Kg5 Kf7 62. Kh6 Kf6 63. g5+ $2 Kf5 $19) 60... Ke4
1/2-1/2

[Event "USA-ch fin"]
[Site "Chandler"]
[Date "1997.09.07"]
[Round "1"]
[White "Benjamin, Joel"]
[Black "Christiansen, Larry Mark"]
[Result "1-0"]
[WhiteElo "2580"]
[BlackElo "2550"]
[Annotator "Huebner,R"]
[PlyCount "77"]
[EventDate "1997.09.02"]
[EventType "match"]
[EventRounds "6"]
[EventCountry "USA"]
[SourceTitle "CBM 061"]
[Source "ChessBase"]
[SourceDate "1997.11.23"]
[SourceVersion "1"]
[SourceVersionDate "1997.11.23"]
[SourceQuality "1"]

1. d4 d5 2. c4 c6 3. Nf3 Nf6 4. e3 Bf5 5. cxd5 cxd5 6. Qb3 Qc8 7. Bd2 Nc6 8.
Bb5 e6 9. O-O Bd6 10. Bb4 Qc7 11. Qa3 Bxb4 12. Qxb4 Qe7 13. Bxc6+ bxc6 14.
Qxe7+ Kxe7 15. Ne5 (15. Nc3 Nd7 16. Rac1 Rab8 17. Na4 Rhc8 18. Rc3 Rb5 19. Rfc1
Kd6 20. b3 f6 21. Nc5 e5 22. e4 Bxe4 23. dxe5+ Nxe5 24. Nd4 Rb4 25. Nxe4+ dxe4
26. Nf5+ Ke6 27. Nxg7+ Kf7 28. Nf5 Rd8 29. h3 Ke6 {Zagorskis,D-Kolesar,M/Sala
op 1994/EXT 94op/1-0 (46)}) 15... Rhc8 16. Rc1 Nd7 $2 ({Die Fortsetzung} 16...
Rab8 17. Rxc6 Ng4 18. Rxc8 Rxc8 19. Nc3 {kostet ebenfalls einen Bauern.}) (
16... Ng4 {war nötig; nach} 17. Nxg4 Bxg4 18. Nd2 (18. f3 Bf5 19. Nd2 Rab8 {
macht keinen wesentlichen Unterschied.}) 18... Rab8 {sollte Schwarz keine
ernsthaften Probleme haben. Weiß muß b2-b3 spielen, denn nach} 19. Nb3 Bf5 {
kann er seinen b-Bauern nicht mehr auf vernünftige Weise decken, so daß
Schwarz nach geeigneter Vorbereitung sogar in Vorteil zu kommen droht (Tb8-b5
usw.)}) 17. Nxc6+ Kd6 18. Na3 a6 19. Na5 Rab8 20. Nb3 Rxc1+ 21. Rxc1 a5 $2 {
Das erleichtert dem Weißen seine Aufgabe beträchtlich.Nach} (21... f6 22. Nd2
a5 {ist die technische Gewinnführung alles andere als einfach.}) 22. Nxa5 $18
g5 23. Rc3 g4 24. Rb3 Ra8 25. Nb5+ Ke7 26. Ra3 Kf6 27. Nc6 Rc8 28. Rc3 Ra8 29.
a3 h5 30. b3 h4 31. a4 h3 32. Nd6 Bg6 33. g3 Ra6 34. a5 Nb6 35. Ne8+ Kg5 36.
Nc7 Nc4 37. Nxa6 Nd2 38. Ne5 f6 39. Nxg6 1-0

[Event "Presidents Cup 3.pl"]
[Site "Elista"]
[Date "1998.05.23"]
[Round "5.5"]
[White "Dreev, Alexey"]
[Black "Bareev, Evgeny"]
[Result "1-0"]
[WhiteElo "2630"]
[BlackElo "2675"]
[Annotator "Huebner,R"]
[PlyCount "97"]
[EventDate "1998.05.07"]
[EventType "k.o."]
[EventRounds "9"]
[EventCountry "RUS"]
[SourceTitle "CBM 065"]
[Source "ChessBase"]
[SourceDate "1998.08.06"]
[SourceVersion "1"]
[SourceVersionDate "1998.08.06"]
[SourceQuality "1"]

1. d4 d5 2. c4 c6 3. Nf3 Nf6 4. e3 Bf5 5. Nc3 (5. cxd5 $5) 5... e6 6. Nh4 (6.
cxd5 $6 exd5) 6... Bg6 (6... Bg4 7. Qb3 Qc7 8. h3 Bh5 9. g4 $14) 7. Qb3 Qb6 8.
Nxg6 hxg6 9. Bd2 Nbd7 10. Be2 Be7 {Mit der Fortsetzung} (10... Qc7 11. h3 Nb6
12. Rc1 (12. c5 Nbd7 13. Qd1 e5 $11) 12... dxc4 13. Bxc4 Nxc4 {gelang es dem
Schwarzen schon vor undenklichen Zeiten, Ausgleich zu erzielen: 1/2-1/2
Guimard,C-O'Kelly de Galway,A/Groningen 1946 (40)}) 11. Qc2 Rc8 12. c5 Qc7 13.
f4 b6 14. b4 g5 15. O-O gxf4 16. exf4 g6 17. Rae1 Kf8 18. Bd3 Kg7 19. Rf3 Rce8
20. h3 a5 21. a3 axb4 22. axb4 b5 {Dies ist meines Erachtens verfehlt. Nach} (
22... bxc5 23. bxc5 Rb8 {bekommt Schwarz Gegenspiel oder erzwingt den
erleichternden Abtausch von Schwerfiguren. Die auf c6 entstehende Schwäche
sollte er ausreichend zu verteidigen in der Lage sein. Nach dem Textzug ist
Schwarz zu dauernder Passivität verurteilt, und Weiß kann in aller Ruhe
versuchen, Fortschritte am Königsflügel zu erzielen.}) 23. Ne2 Ng8 24. g4 Bh4
25. Ref1 Ne7 26. Kg2 Qa7 27. Nc3 Nf6 28. Re3 Qb8 29. Ne2 Qa7 30. Bc3 Ra8 31.
Bb2 Qa4 {Diese Diversion am Damenflügel bringt nichts ein; die Schwerfiguren
des Schwarzen kommen auf ungünstigen Feldern zu stehen. Besser war es, mit} (
31... Qc7 {abzuwarten, wie Weiß seine Stellung zu verstärken gedenkt.}) 32. Qd2
Ra7 33. Bc2 Qa6 34. Ng1 Kg8 35. Nf3 Ne4 (35... Qc8 $5) 36. Bxe4 dxe4 37. Rxe4
Bf6 38. Qe2 Nd5 $2 (38... Qc8 $5) 39. f5 exf5 40. gxf5 gxf5 41. Re8+ Kg7 42.
Rg1 Rxe8 43. Qxe8 Nf4+ 44. Kh2+ Ng6 45. Ne5 Bxe5+ 46. Qxe5+ Kh7 47. Qf6 Re7 48.
Rxg6 Re2+ 49. Rg2 1-0

[Event "EU-ch 4th"]
[Site "Istanbul"]
[Date "2003.05.30"]
[Round "1"]
[White "Svetushkin, Dmitry"]
[Black "Beliavsky, Alexander G"]
[Result "0-1"]
[WhiteElo "2543"]
[BlackElo "2649"]
[Annotator "Huebner,R"]
[PlyCount "102"]
[EventDate "2003.05.30"]
[EventType "swiss"]
[EventRounds "13"]
[EventCountry "TUR"]
[SourceTitle "CBM 096"]
[Source "ChessBase"]
[SourceDate "2003.09.25"]
[SourceVersion "1"]
[SourceVersionDate "2003.09.25"]
[SourceQuality "1"]

1. d4 d5 2. c4 c6 3. Nf3 Nf6 4. e3 Bf5 5. Nc3 e6 6. Nh4 Be4 7. f3 Bg6 8. Qb3
Qc7 9. Bd2 Nbd7 10. Rc1 Be7 11. g3 Nb6 12. cxd5 exd5 13. Kf2 {Ich führe die
bisherigen Vorbilder auf:} (13. Be2 O-O 14. Kf2 Qd7 15. Nxg6 hxg6 16. h4 c5 17.
Qb5 cxd4 18. exd4 Qe6 19. b3 Bd6 20. g4 Rac8 21. Rce1 Bb8 22. Qd3 Rfe8 23. Bd1
Qd6 24. Rxe8+ Rxe8 25. Rh3 a6 26. h5 gxh5 27. gxh5 Nc8 28. Bc2 Ne7 29. Ne2 Qe6
30. Ng1 Nc6 31. Kg2 Ba7 32. Rh4 Nxd4 33. Rxd4 Bxd4 34. Qxd4 Nxh5 35. Bd3 Qe5
36. Qxe5 Rxe5 37. Ne2 Re8 38. Kf2 g6 39. Nc3 Rd8 40. Na4 Rc8 41. Nb6 Rd8 42. a4
Ng7 43. Bb4 d4 44. Be7 Re8 45. Nd5 {1-0 Sokolov,I-Peng,Z/Wijk aan Zee 2002/CBM
87 (45).}) (13. Nxg6 hxg6 (13... fxg6 $6 14. e4) 14. Bd3 Rd8 15. a4 Nbd7 16.
Kf2 Nf8 17. a5 a6 18. Na4 Bd6 19. Qb6 Qxb6 20. Nxb6 Ne6 21. Na4 Nd7 22. b4 f5
23. Nc5 Bxc5 24. bxc5 Nf6 25. Rb1 Rd7 26. h3 O-O {1/2-1/2 Sriram,J-Ramesh,R/
Calcutta 2002/CBM 88 (26).}) (13. Kf2 {hat den Nachteil, nach Nh4xg6 die
Antwort f7xg6 zu erlauben, wie in der Partie geschieht. Andrerseits gefällt
mir der Königsläufer des Weißen auf d3 besser als auf e2. Darum schlage ich
als genaueste Folge 13.Sg6: hg6: 14.Kf2 vor.}) 13... O-O 14. Nxg6 fxg6 15. Kg2
Kh8 16. g4 Rae8 17. Bd3 Bd8 18. Ne2 Qf7 19. Rhf1 Bc7 20. Ng3 Qe6 21. g5 Ng8 22.
f4 Qd7 23. a4 Ne7 $6 {Schwarz verschärft die Stellung, aber es ist die Frage,
ob dies zu seinem Heil ausschlägt. Nach} (23... Bd6 24. a5 Nc8 {bleibt die
Stellung des Schwarzen vollkommen befriedigend; Weiß hat eine verzogene
Bauernstruktur.}) 24. a5 Nc4 25. Bxc4 dxc4 26. Qxc4 ({Die Fortsetzung} 26. Qxb7
Rb8 27. Qxa7 Rxb2 28. Rf2 Nd5 {gibt dem Schwarzen natürlich eine gefährliche
Initiative in die Hand; die Dame des Weißen kommt nicht ohne weiteres ins
Spiel zurück.}) (26. Rxc4 Nf5 27. Nxf5 Rxf5 {führt zu gutem Spiel für Schwarz;
Weiß muß unter anderem die Möglichkeit Tf5xg5+ im Auge behalten.}) 26... Nd5
27. Rf3 Bxa5 {Anders kommt Schwarz nicht weiter.} 28. Bxa5 Nxe3+ 29. Rxe3 Rxe3
30. d5 Qg4 (30... cxd5 31. Qd4 Re7 (31... Qe8 32. Rc7 Rg8 33. Rxb7 $18) 32. Bb4
{ist fatal für Schwarz.}) (30... Qxd5+ 31. Qxd5 cxd5 32. Rc7 {bietet ihm
ebenfalls kaum Rettungsaussichten.}) 31. Rf1 cxd5 32. Qxd5 Qe6 $2 {Dies ist
ein ganz unverständlicher Zug. Nach} (32... Re2+ 33. Kg1 Rxb2 34. Bc3 Rb6 35.
Qd4 Rg8 {sollte Schwarz sich halten können.} 36. Re1 Re6 {usw.}) 33. Qxe6 Rxe6
34. Bc3 Kg8 35. f5 {Ich hätte die Stellung nicht so schnell geöffnet. Nach} (
35. Be5 Rd8 36. Rc1 Re7 37. h4 {dürfte Schwarz auf die Dauer kaum überleben
können.}) 35... gxf5 36. Nxf5 Rf7 37. h4 Re8 $6 (37... h6 {scheint mir viel
zäher zu sein.}) 38. Kg3 Ref8 39. Kg4 h5+ 40. gxh6 g6 41. Ne7+ Kh7 (41... Rxe7
42. Rxf8+ Kxf8 43. Bb4 {, und Weiß gewinnt.}) 42. Rxf7+ Rxf7 43. Nc8 Kxh6 44.
Bd2+ Kh7 45. Nxa7 Rf5 46. Nc8 Rd5 47. Bc3 b5 48. Ne7 Rc5 49. Kf4 b4 50. Bd4 Rc2
51. Ke4 $2 (51. Nd5 {beläßt dem Weißen gute Gewinnaussichten.}) 51... b3 $2 (
51... Re2+ {ist stärker. Nach dem Textzug steht Schwarz keineswegs auf Gewinn;
wenn das Ergebnis stimmt, hat Weiß hier wohl die Zeit überschritten.}) 0-1

[Event "Griesheim Testa GM"]
[Site "Griesheim"]
[Date "2004.01.20"]
[Round "1"]
[White "Kunin, Vitaly L"]
[Black "Drabke, Lorenz Maximilian"]
[Result "1-0"]
[WhiteElo "2425"]
[BlackElo "2439"]
[Annotator "Huebner,R"]
[PlyCount "47"]
[EventDate "2004.01.20"]
[EventType "tourn"]
[EventRounds "9"]
[EventCountry "GER"]
[EventCategory "10"]
[SourceTitle "CBM 099"]
[Source "ChessBase"]
[SourceDate "2004.03.30"]
[SourceVersion "1"]
[SourceVersionDate "2004.03.30"]
[SourceQuality "1"]

1. d4 d5 2. c4 c6 3. e3 Bf5 4. Nc3 e6 5. Nf3 Nf6 6. Nh4 Bg6 7. Nxg6 hxg6 8. g3
Nbd7 9. Bg2 dxc4 10. Qe2 Nb6 11. O-O Be7 12. Rd1 O-O (12... Nfd5 {ist nicht
sinnvoll, weil Schwarz seinen Springer nicht nach d3 bekommt:} 13. e4 Nb4 14.
Be3 O-O 15. a3 Na6 (15... Nd3 16. b3 {kostet Material.}) 16. d5 exd5 17. exd5
Qe8 18. Bxb6 $18 {1/2-1/2 Kramnik,V-Anand,V/Frankfurt 2000/CBM 78 (39). (39)})
13. e4 Re8 14. h4 (14. Be3 a5 15. a3 a4 16. h4 Ra5 17. Rd2 Nfd7 18. Rad1 Qc7
19. d5 exd5 20. exd5 cxd5 21. Nxd5 Nxd5 22. Bxd5 Nf6 23. Bf4 Qc8 24. Qxc4 Rxd5
25. Qxc8 Rxc8 26. Rxd5 Nxd5 27. Rxd5 Rc2 28. Rb5 Bf6 29. Rxb7 {1/2-1/2
Kachiani Gersinska,K-Sedina,E/Varna 2002/CBM 88 ext (29).}) 14... Bf8 {Dies
sieht nicht besonders sinnvoll aus.} (14... a5 {wie in der oben angegebenen
Partie gespielt wurde, kommt in Betracht:} 15. a4 Nfd7 {usw.}) 15. Bg5 Qc8 16.
Bh3 Nfd7 17. Kg2 Qc7 18. h5 gxh5 19. Qxh5 c5 20. Rh1 g6 21. Qh4 Bg7 (21... cxd4
22. Bxe6 Bg7 23. Qh7+ Kf8 24. Bh6 {ist nicht empfehlenswert für Schwarz.}) 22.
d5 exd5 $2 {Dies ist sofort verderblich.} (22... Nf8 {führt zu einer unklaren
Lage:} 23. Rad1 (23. Bg4 f5) 23... exd5 24. Nxd5 (24. exd5 f5) 24... Nxd5 25.
exd5 Qd6 {, und der Kampf kann beginnen.}) 23. Bxd7 Qxd7 24. Bf6 1-0